| 000 | 00533nam a2200145Ia 4500 | ||
|---|---|---|---|
| 008 | 151213s9999 xx 000 0 und d | ||
| 100 | _aমো: মণিরুজ্জামান। | ||
| 245 |
_aএমিলি ডিকিনসনের কবিতা। _cমো: মণিরুজ্জামান। |
||
| 260 |
_aঢাকা _bকবিতা সংসদ। _c1974 |
||
| 300 | _a8419 p. | ||
| 650 | _aBangla | ||
| 650 | _aBengali Literature | ||
| 700 | _aমো: মণিরুজ্জামান। | ||
| 999 |
_c4257 _d4257 |
||